Desarrollo Social en América Latina: temas y desaríos paralas políticas públicas /

Tallennettuna:
Bibliografiset tiedot
Päätekijä: Sojo, Carlos
Yhteisötekijät: FLACSO. Sede Académica de Costa Rica, World Bank. International Bank for Reconstruction and Development
Muut tekijät: ed.
Aineistotyyppi: Teksti
Julkaistu: San José: FLACSO. Banco Mundial
Aiheet:
Tagit: Lisää tagi
Ei tageja, Lisää ensimmäinen tagi!

MARC

LEADER 00000 a a2200000 04500
001 30475
003
040
020 |a 9977-68-117-1  
090 |a 195106  
100 |a Sojo, Carlos  
110 |a FLACSO. Sede Académica de Costa Rica  
245 |a Desarrollo Social en América Latina: temas y desaríos paralas políticas públicas /  |c FLACSO. Sede Académica de Costa Rica  
260 |a San José:   |b FLACSO. Banco Mundial  
300 |a 461 p.  
500 |a Es la traducción de la obra Social Develpment in Latin America: issues for Public Policy. 195200  
650 |a VIOLENCIA  
650 |a DELINCUENCIA  
650 |a DESARROLLO SOCIAL  
650 |a HOMICIDIO  
650 |a CONSECUENCIAS ECONOMICAS  
650 |a VIOLENCIA INTRAFAMILIAR  
650 |a DESIGUALDAD SOCIAL  
650 |a HOMIDICIO  
650 |a VIOLENCIA INTRAFAMILIAR  
700 |a ed.  
710 |a World Bank. International Bank for Reconstruction and Development  
999 |c 14282  |d 14282